000 00728nam a2200217Ia 4500
003 GCL
008 140319s9999 xx 000 0 ara d
040 _aGCL /
_cGCL
082 0 4 _a338.9
_bم ص
100 1 _aابراهيم سعدالدين
245 1 0 _aصور المستقبل العربى /
_cابراهيم سعدالدين
700 1 _aمركز دراسات الوحدة العربية
260 _a[S.N] :
_bمركز دراسات الوحدة العربية ،
_c1982
300 _a210 ص
490 _a
650 0 4 _aالعالم العربى
650 0 4 _aالتنمية الاجتماعية
650 0 4 _aالتنمية الاقتصادية
650 0 4 _aالتنمية الصناعية
942 _2ddc
_cBK
999 _c35273
_d35273